000 00418nam a2200193Ia 4500
003 OSt
005 20251029103924.0
008 250729s2005 xx 000 0 und d
020 _a978-9381448380
040 _cAL
041 _aeng
082 _a530.2 HASS
100 _aHashmi A H
_9223536
245 _aSound
260 _aNew Delhi
_c2005
300 _a32p
650 _aPhysics
_9223537
942 _2ddc
_cBED
999 _c235957
_d235957